|
|
|
|
| LEADER |
00000cam a2200000 a 4500 |
| 001 |
vtls008336444 |
| 003 |
SK-MaSNL |
| 005 |
20260302014408.0 |
| 008 |
180813s1966 xo 000 0 slo |
| 015 |
|
|
|a SNBA1966/12-02393
|
| 035 |
|
|
|a SK01SNK19660028661
|
| 035 |
|
|
|a SKM000031124
|
| 040 |
|
|
|a SNK
|b slo
|c SNK
|e AACR2
|
| 041 |
0 |
|
|a slo
|
| 044 |
|
|
|a xo
|c SK
|
| 080 |
|
|
|a 613.95+645.1/.4(075.2)
|2 1981
|
| 080 |
|
|
|a 645.1/.4(075.2)
|2 1981
|
| 100 |
1 |
|
|a Zatroch, Ján
|4 aut
|9 532236
|
| 245 |
1 |
0 |
|a Základy starostlivosti o dieťa
|c Ján Zatroch ; fot. Jozef Vajda, Jurko Hlaváč-Petriškin [ktorý nap. aj] príhovor a Jozef Karkoš
|
| 250 |
|
|
|a 3. vyd.
|
| 260 |
|
|
|a Rožňava
|b Okresné pedagogické stredisko
|c 1966
|e Rožňava
|f Východoslovenské tlačiarne
|
| 300 |
|
|
|a 72 s.
|c 8°
|
| 500 |
|
|
|a Ilustr. Zozn. použ. a odporuč. lit. Tb. Doporuč. filmy k jednotl. lekciám
|
| 650 |
0 |
7 |
|a starostlivosť o dieťa
|2 SNKPH
|9 2563
|
| 650 |
0 |
7 |
|a výchova k rodičovstvu
|2 SNKPH
|9 1693
|
| 655 |
|
7 |
|a učebnice
|2 SNKPH
|9 22521
|
| 700 |
1 |
|
|a Vajda, Jozef
|4 pht
|9 5404
|
| 700 |
1 |
|
|a Hlaváč-Petriškin, Jurko
|4 pht
|4 aui
|9 658930
|
| 700 |
1 |
|
|a Karkoš, Jozef
|4 pht
|9 658931
|
| 958 |
|
|
|a OND
|
| 958 |
|
|
|a RK
|
| 958 |
|
|
|a TL
|
| 958 |
|
|
|a NB
|
| 958 |
|
|
|a UX
|
| 999 |
|
|
|c 1016792
|d 1018722
|
| 952 |
|
|
|a SNK
|b SNK
|y PREZ
|7 0
|o snkSD 30461
|0 0
|1 0
|4 0
|d 2018-03-13
|l 0
|r 2026-02-24 13:11:59
|w 2026-02-24
|
| 952 |
|
|
|a SNK
|b SNK
|y VYP
|7 0
|o snkSD 30461 D1
|0 0
|1 0
|4 0
|d 2018-03-13
|l 0
|r 2026-02-24 13:11:59
|w 2026-02-24
|